Central Library and Information Centre
Sibsagar Girls' College, Sivasagar : Assam

GUIDE TO PRINCIPLES OF EDUCATION TDC (1+1+1) COURSE /1st PAPER (Record no. 10054)

MARC details
000 -LEADER
fixed length control field 00495cam a2200193ua 4500
008 - FIXED-LENGTH DATA ELEMENTS--GENERAL INFORMATION
fixed length control field 160229n2004 II |||gr||||Z||||||eng
040 ## - CATALOGING SOURCE
Original cataloging agency MAIN
041 ## - LANGUAGE CODE
-- English
082 ## - DEWEY DECIMAL CLASSIFICATION NUMBER
Classification number 370 PAL
100 ## - MAIN ENTRY--PERSONAL NAME
Personal name PAL ,DR. P .
245 ## - TITLE STATEMENT
Title GUIDE TO PRINCIPLES OF EDUCATION TDC (1+1+1) COURSE /1st PAPER
250 ## - EDITION STATEMENT
Edition statement 1ST.
260 ## - PUBLICATION, DISTRIBUTION, ETC.
Place of publication, distribution, etc. KOLKATA
Name of publisher, distributor, etc. BHAWANI PUBLISHING HOUSE
Date of publication, distribution, etc. 2004
300 ## - PHYSICAL DESCRIPTION
Extent (1--P.):
Dimensions 20CM.
700 ## - ADDED ENTRY--PERSONAL NAME
Personal name PAL ,DR. P .,
Relator term Author.
942 ## - ADDED ENTRY ELEMENTS (KOHA)
Koha item type Books
653 ## - INDEX TERM--UNCONTROLLED
Uncontrolled term Education
Holdings
Withdrawn status Lost status Damaged status Not for loan Collection code Home library Current library Shelving location Date acquired Full call number Barcode Date last seen Copy number Price effective from Koha item type
        General Reference Central Library and Information Centre Sibsagar Girls College Central Library and Information Centre Sibsagar Girls College Competitive Exam Book 04.02.1984 370 PAL 08810 27.02.2020 1 27.02.2020 Books


Sibsagar Girl's College © 2020. All rights reserved.
Powered by Koha.
Maintained by Abhijit Borpuzari.